Looking for the prehispanic Filipino and other essays in Philipine history/ (Record no. 81841)
[ view plain ]
| 000 -LEADER | |
|---|---|
| fixed length control field | 00695nam a22002297a 4500 |
| 003 - CONTROL NUMBER IDENTIFIER | |
| control field | URS |
| 005 - DATE AND TIME OF LATEST TRANSACTION | |
| control field | 20250120181301.0 |
| 008 - FIXED-LENGTH DATA ELEMENTS--GENERAL INFORMATION | |
| fixed length control field | 250120b |||||||| |||| 00| 0 eng d |
| 020 ## - INTERNATIONAL STANDARD BOOK NUMBER | |
| International Standard Book Number | 971-10-05247 |
| 040 ## - CATALOGING SOURCE | |
| Transcribing agency | URS |
| 050 00 - LIBRARY OF CONGRESS CALL NUMBER | |
| Classification number | DS653 |
| Item number | .Sco832 1992 |
| 100 1# - MAIN ENTRY--PERSONAL NAME | |
| Personal name | Scott, William Henry |
| Relator term | author. |
| 245 10 - TITLE STATEMENT | |
| Title | Looking for the prehispanic Filipino and other essays in Philipine history/ |
| Statement of responsibility, etc | William Henry Scott |
| 260 #1 - PUBLICATION, DISTRIBUTION, ETC. (IMPRINT) | |
| Place of publication, distribution, etc | Quezon City: |
| Name of publisher, distributor, etc | New Day Publishers, |
| Date of publication, distribution, etc | @1992 |
| 300 ## - PHYSICAL DESCRIPTION | |
| Extent | ix, 170 pages, |
| Dimensions | 22.7cm. |
| 336 ## - CONTENT TYPE | |
| Source | rdacontent |
| Content type term | text |
| 337 ## - MEDIA TYPE | |
| Source | rdamedia |
| Media type term | unmediated |
| 338 ## - CARRIER TYPE | |
| Source | rdacarrier |
| Materials specified | volume |
| 504 ## - BIBLIOGRAPHY, ETC. NOTE | |
| Bibliography, etc | It includes notes. |
| 650 ## - SUBJECT ADDED ENTRY--TOPICAL TERM | |
| Source of heading or term | Phillipine - History |
| 942 ## - ADDED ENTRY ELEMENTS (KOHA) | |
| Source of classification or shelving scheme | Library of Congress Classification |
| Koha item type | Filipiniana |
| Withdrawn status | Lost status | Source of classification or shelving scheme | Damaged status | Not for loan | Home library | Current library | Shelving location | Date acquired | Source of acquisition | Total Checkouts | Full call number | Barcode | Date last seen | Copy number | Price effective from | Koha item type |
|---|---|---|---|---|---|---|---|---|---|---|---|---|---|---|---|---|
| Library of Congress Classification | Rodriguez College Library | Rodriguez College Library | Filipiniana Section | 01/20/2025 | donation | DS653 .Sco832 1992 | URSROD-5239 | 01/20/2025 | 1 | 01/20/2025 | Filipiniana |